Guess the artist #2 - Statistics

General Stats
  • This quiz has been taken 6 times
  • The average score is 13 of 16
Answer Stats
Picture Answer % Correct
21 Savage
100%
Kodak Black
100%
Lil Nas X
100%
Lil Wayne
100%
Offset
100%
Pop Smoke
100%
Quavo
100%
Tory Lanez
100%
Big Sean
80%
NLE Choppa
80%
Roddy Ricch
80%
Saweetie
80%
Nelly
60%
Ty Dolla $ign
60%
2 Chainz
20%
Kid Ink
20%
No matching quizzes found
Score Distribution
Percent of People with Each Score
Percentile by Number Answered
Your Score History
You have not taken this quiz